[Event "ISL-chT Kvika 2223"]
[Site "Reykjavik"]
[Date "2023.03.18"]
[Round "8.2"]
[White "Domalchuk Jonasson, Aleksandr"]
[Black "Gretarsson, Andri Ass"]
[Result "1-0"]
[WhiteElo "2318"]
[BlackElo "2267"]
[PlyCount "93"]
[EventDate "2022.10.13"]
[EventType "team-tourn"]
[EventRounds "10"]
[EventCountry "ISL"]
[SourceTitle "CBM 213 Extra"]
[Source "ChessBase"]
[SourceDate "2023.05.31"]
[SourceVersion "1"]
[SourceVersionDate "2023.05.31"]
[SourceQuality "1"]
[WhiteTeam "Taflfelag Reykjavikur"]
[BlackTeam "Taflfelag Gardjabaejar"]
[WhiteTeamCountry "ISL"]
[BlackTeamCountry "ISL"]

1. d4 d5 2. c4 e6 3. Nf3 Nf6 4. g3 Be7 5. Bg2 0-0 6. 0-0 b6 7. cxd5 exd5 8. Nc3 Bb7 9. Bf4 Nbd7 10. Rc1 a6 11. Ne5 Rc8 12. Qb3 c6 13. a4 Nxe5 14. Bxe5 b5 15. Rfd1 b4 16. Bxf6 gxf6 17. Nb1 Rc7 18. e3 Qd7 19. Nd2 Rfc8 20. Qd3 c5 21. dxc5 Qxa4 22. Nb3 Rd8 23. h4 Bc6 24. Nd4 Be8 25. c6 Qa5 26. Ra1 Qb6 27. Rxa6 Qb8 28. Nf5 Bf8 29. Bxd5 Kh8 30. Qd4 Bg7 31. Qg4 Bf8 32. Qd4 Bg7 33. Nxg7 Kxg7 34. Qg4+ Kf8 35. Be4 f5 36. Rxd8 Qxd8 37. Qxf5 Qd6 38. Qd5 Qe7 39. Bxh7 Qf6 40. Be4 Qxb2 41. Qd6+ Re7 42. Ra7 Qe5 43. Qxe5 Rxe5 44. c7 Bd7 45. Bc6 Be6 46. Ra8+ Kg7 47. c8Q 1-0

[Event "Chess.com Bullet op1"]
[Site "Chess.com INT"]
[Date "2020.12.19"]
[Round "17"]
[White "Gretarsson, Andri Ass"]
[Black "Hartikainen, Jarmo"]
[Result "1-0"]
[WhiteElo "2268"]
[BlackElo "2142"]
[PlyCount "57"]
[EventDate "2020.12.19"]
[EventType "swiss (blitz)"]
[EventRounds "21"]
[EventCountry "USA"]
[SourceTitle "EXT 2022"]
[Source "ChessBase"]
[SourceDate "2021.10.06"]
[SourceVersion "1"]
[SourceVersionDate "2021.10.06"]
[SourceQuality "1"]

1. e4 c5 2. Nf3 Nc6 3. d3 g6 4. Nbd2 Bg7 5. h4 e6 6. h5 h6 7. hxg6 fxg6 8. g3 Nge7 9. Bg2 0-0 10. c3 d6 11. Qe2 e5 12. Nc4 Bg4 13. Bxh6 d5 14. Ncd2 c4 15. dxc4 dxe4 16. Qxe4 Bf5 17. Qe3 Na5 18. Bxg7 Kxg7 19. Qh6+ Kf7 20. Ng5+ Ke8 21. Qg7 Qd3 22. Bf1 Qc2 23. Rh7 Nac6 24. Bg2 Rd8 25. Bd5 Rxd5 26. cxd5 Nd4 27. cxd4 Qe4+ 28. Ndxe4 Bxe4 29. Qxe7# 1-0

[Event "Chess.com Bullet op1"]
[Site "Chess.com INT"]
[Date "2020.12.19"]
[Round "8"]
[White "Gretarsson, Andri Ass"]
[Black "Kruckenhauser, Arthur"]
[Result "1/2-1/2"]
[WhiteElo "2268"]
[BlackElo "2283"]
[PlyCount "123"]
[EventDate "2020.12.19"]
[EventType "swiss (blitz)"]
[EventRounds "21"]
[EventCountry "USA"]
[SourceTitle "EXT 2022"]
[Source "ChessBase"]
[SourceDate "2021.10.06"]
[SourceVersion "1"]
[SourceVersionDate "2021.10.06"]
[SourceQuality "1"]

1. e4 c5 2. Nf3 d6 3. d3 Nf6 4. Nbd2 g6 5. g3 Bg7 6. Bg2 0-0 7. 0-0 Nc6 8. Re1 Rb8 9. c3 b5 10. Qc2 Bb7 11. h4 Ne5 12. Nxe5 dxe5 13. Nf1 Qd7 14. Be3 Rbc8 15. Red1 Rfd8 16. Qe2 Qc6 17. Bh3 Rc7 18. Nd2 e6 19. Nf3 Rcd7 20. Nxe5 Qc7 21. Nxd7 Rxd7 22. Bf4 Qd8 23. Bg5 h6 24. Be3 Qc7 25. Bf4 e5 26. Be3 Rd8 27. Bg2 Qd6 28. a4 a6 29. axb5 axb5 30. Ra7 Bc6 31. Rda1 Rd7 32. Rxd7 Bxd7 33. Ra5 Kh7 34. Ra8 Ne8 35. Ra7 Nc7 36. b4 cxb4 37. cxb4 Ne6 38. Qb2 Bc6 39. Qc3 Be8 40. Ra8 Bc6 41. Ra6 Nd8 42. Qc5 Qxc5 43. Bxc5 g5 44. Be7 Bb7 45. Ra7 Nc6 46. Rxb7 Nxe7 47. Rxe7 Kg6 48. Rb7 Bf6 49. Rxb5 Be7 50. hxg5 hxg5 51. Bh3 Kf6 52. Bf5 g4 53. Rb6+ Kg7 54. b5 Bf6 55. Rb7 Bd8 56. b6 Bxb6 57. Rxb6 f6 58. Rd6 Kf7 59. Re6 Kg7 60. Rc6 Kh6 61. Rc7 Kg5 62. Rh7 1/2-1/2

[Event "Chess.com Bullet op1"]
[Site "Chess.com INT"]
[Date "2020.12.19"]
[Round "2"]
[White "Gretarsson, Andri Ass"]
[Black "Stoyanov, Tsvetan"]
[Result "0-1"]
[WhiteElo "2268"]
[BlackElo "2388"]
[PlyCount "98"]
[EventDate "2020.12.19"]
[EventType "swiss (blitz)"]
[EventRounds "21"]
[EventCountry "USA"]
[SourceTitle "EXT 2022"]
[Source "ChessBase"]
[SourceDate "2021.10.06"]
[SourceVersion "1"]
[SourceVersionDate "2021.10.06"]
[SourceQuality "1"]

1. d4 c5 2. Nf3 cxd4 3. Nxd4 Nf6 4. c4 g6 5. Nc3 Bg7 6. e3 d6 7. Be2 0-0 8. 0-0 Nc6 9. Bf3 Bd7 10. b3 Rc8 11. Bb2 a6 12. Rc1 Nxd4 13. e4 Bc6 14. Qxd4 Nxe4 15. Qd3 Nxc3 16. Bxc3 Bxf3 17. Qxf3 Bxc3 18. Rxc3 Qd7 19. Re1 b5 20. cxb5 axb5 21. Rce3 e5 22. Qd5 Rc5 23. Qd3 Re8 24. f3 Re6 25. h3 Kg7 26. Kh2 Qe7 27. b4 Rc4 28. a3 Qb7 29. Qd2 Qc6 30. Rd3 f6 31. Rd5 Rc2 32. Qd3 f5 33. Rd1 e4 34. fxe4 fxe4 35. Qd4+ Kh6 36. Rxd6 Rxd6 37. Qxd6 Qxd6+ 38. Rxd6 Rc3 39. Re6 e3 40. Kg3 Rxa3 41. Kf3 Rb3 42. Re4 Kg5 43. g3 Kf6 44. g4 g5 45. Ke2 h6 46. Kf3 e2+ 47. Kxe2 Rxh3 48. Re8 Rb3 49. Rf8+ Ke7 0-1

[Event "Chess.com Bullet op1"]
[Site "Chess.com INT"]
[Date "2020.12.19"]
[Round "20"]
[White "Gretarsson, Andri Ass"]
[Black "Taras, Iulian Ioan"]
[Result "1-0"]
[WhiteElo "2268"]
[BlackElo "2224"]
[PlyCount "95"]
[EventDate "2020.12.19"]
[EventType "swiss (blitz)"]
[EventRounds "21"]
[EventCountry "USA"]
[SourceTitle "EXT 2022"]
[Source "ChessBase"]
[SourceDate "2021.10.06"]
[SourceVersion "1"]
[SourceVersionDate "2021.10.06"]
[SourceQuality "1"]

1. e4 c5 2. Nf3 Nf6 3. e5 Nd5 4. c4 Nc7 5. d4 cxd4 6. Nxd4 Nc6 7. Nxc6 bxc6 8. Nc3 g6 9. Bd3 Bg7 10. f4 0-0 11. 0-0 d5 12. Kh1 d4 13. Ne4 Ne6 14. Bd2 c5 15. b3 Bb7 16. Rc1 f5 17. exf6 exf6 18. f5 Ng5 19. Nxc5 Bc6 20. fxg6 Qd6 21. gxh7+ Kh8 22. h4 Qxc5 23. hxg5 fxg5 24. Qg4 Rf4 25. Bxf4 gxf4 26. Rxf4 Re8 27. Rcf1 Qe7 28. Rf7 Qe5 29. Rxg7 Qxg7 30. Qxg7+ Kxg7 31. Rf4 Re1+ 32. Kh2 Re3 33. Rxd4 Rxd3 34. Rxd3 Kxh7 35. Rd6 Bf3 36. Rd7+ Kg6 37. Rxa7 Kf5 38. gxf3 Kf4 39. Rf7+ Ke3 40. Rf6 Kf2 41. f4 Ke2 42. f5 Kf2 43. Re6 Kf3 44. f6 Kg4 45. f7 Kg5 46. f8Q Kg4 47. Rg6+ Kh5 48. Qh6# 1-0

[Event "Chess.com Bullet op1"]
[Site "Chess.com INT"]
[Date "2020.12.19"]
[Round "3"]
[White "Hansch, Karsten"]
[Black "Gretarsson, Andri Ass"]
[Result "1-0"]
[WhiteElo "2300"]
[BlackElo "2268"]
[PlyCount "87"]
[EventDate "2020.12.19"]
[EventType "swiss (blitz)"]
[EventRounds "21"]
[EventCountry "USA"]
[SourceTitle "EXT 2022"]
[Source "ChessBase"]
[SourceDate "2021.10.06"]
[SourceVersion "1"]
[SourceVersionDate "2021.10.06"]
[SourceQuality "1"]

1. e4 c5 2. Nf3 d6 3. Bb5+ Nd7 4. c3 Ngf6 5. 0-0 e5 6. d3 Be7 7. Nbd2 0-0 8. a4 a6 9. Bc4 Rb8 10. b4 b5 11. axb5 axb5 12. Bb3 cxb4 13. cxb4 Nb6 14. Bb2 Be6 15. Bxe6 fxe6 16. Qb3 Qd7 17. d4 Ng4 18. dxe5 Nxe5 19. Nxe5 dxe5 20. Nf3 Nc4 21. Nxe5 Nxe5 22. Bxe5 Rbc8 23. Rfd1 Qc6 24. h3 Kh8 25. Qg3 Bf6 26. Bxf6 Rxf6 27. e5 Rg6 28. Qh2 Qc3 29. h4 Qxb4 30. h5 Rg4 31. Qh3 Qc4 32. Rac1 Qxc1 33. Qxg4 Qc7 34. Qxe6 b4 35. h6 Qc2 36. hxg7+ Kxg7 37. Qf6+ Kg8 38. Rd8+ Rxd8 39. Qxd8+ Kg7 40. Qe7+ Kg8 41. Qxb4 Qd1+ 42. Kh2 Qh5+ 43. Kg3 Qxe5+ 44. Qf4 1-0

[Event "Chess.com Bullet op1"]
[Site "Chess.com INT"]
[Date "2020.12.19"]
[Round "21"]
[White "Novik, Maxim"]
[Black "Gretarsson, Andri Ass"]
[Result "1-0"]
[WhiteElo "2434"]
[BlackElo "2268"]
[PlyCount "81"]
[EventDate "2020.12.19"]
[EventType "swiss (blitz)"]
[EventRounds "21"]
[EventCountry "USA"]
[SourceTitle "EXT 2022"]
[Source "ChessBase"]
[SourceDate "2021.10.06"]
[SourceVersion "1"]
[SourceVersionDate "2021.10.06"]
[SourceQuality "1"]

1. d4 c5 2. d5 e6 3. e4 Nf6 4. Nc3 exd5 5. exd5 d6 6. Be2 g6 7. Nf3 Bg7 8. Nd2 0-0 9. 0-0 Re8 10. Nc4 a6 11. a4 Qc7 12. Bf4 Rd8 13. Bf3 Bf5 14. g4 Bc8 15. Re1 Ne8 16. h3 Nd7 17. Kg2 b6 18. Qd2 Bb7 19. Rxe8+ Rxe8 20. Nxd6 Rf8 21. Nxf7 Qc8 22. Ng5 Qd8 23. Ne6 Qf6 24. g5 Qf7 25. Bg4 Kh8 26. Re1 Rae8 27. Bg3 Nb8 28. Kh2 Rxe6 29. dxe6 Qe7 30. h4 Nc6 31. Bd6 Rd8 32. Bxe7 Rxd2 33. Bf6 Rxf2+ 34. Kg3 Rxf6 35. gxf6 Bxf6 36. Nd5 Be5+ 37. Rxe5 Nxe5 38. e7 Bc6 39. Nf6 Kg7 40. Nd7 Bxd7 41. Bxd7 1-0

[Event "Chess.com Bullet op1"]
[Site "Chess.com INT"]
[Date "2020.12.19"]
[Round "6"]
[White "Sahil, Tickoo"]
[Black "Gretarsson, Andri Ass"]
[Result "1-0"]
[WhiteElo "2245"]
[BlackElo "2268"]
[PlyCount "97"]
[EventDate "2020.12.19"]
[EventType "swiss (blitz)"]
[EventRounds "21"]
[EventCountry "USA"]
[SourceTitle "EXT 2022"]
[Source "ChessBase"]
[SourceDate "2021.10.06"]
[SourceVersion "1"]
[SourceVersionDate "2021.10.06"]
[SourceQuality "1"]

1. d4 c5 2. Nf3 cxd4 3. Qxd4 Nc6 4. Qd1 d5 5. Bf4 Nf6 6. e3 g6 7. c4 Bg7 8. Nc3 dxc4 9. Qxd8+ Nxd8 10. Bxc4 0-0 11. 0-0 Ne6 12. Rfd1 Nxf4 13. exf4 a6 14. Ne5 b5 15. Bb3 Bb7 16. g3 Rac8 17. a3 e6 18. Rac1 Ne4 19. Nxe4 Bxe4 20. Rxc8 Rxc8 21. h3 Bxe5 22. fxe5 Rc5 23. f4 g5 24. Kf2 gxf4 25. gxf4 Bf5 26. h4 a5 27. Rd2 a4 28. Bd1 Rc4 29. Kg3 b4 30. axb4 Rxb4 31. Bg4 Be4 32. Bf3 Bf5 33. Bg4 Be4 34. Bf3 Bf5 35. Rg2 Kf8 36. h5 Rb3 37. Rf2 Be4 38. Kg4 Bxf3+ 39. Rxf3 Rxb2 40. Ra3 Rb4 41. h6 Ke7 42. Kg5 Rc4 43. Rd3 Rb4 44. Rc3 Rd4 45. Rc7+ Rd7 46. Rc2 Ra7 47. Ra2 a3 48. f5 exf5 49. Kxf5 1-0

[Event "Chess.com Bullet op1"]
[Site "Chess.com INT"]
[Date "2020.12.19"]
[Round "12"]
[White "Vusatiuk, Vladimir"]
[Black "Gretarsson, Andri Ass"]
[Result "1-0"]
[WhiteElo "2323"]
[BlackElo "2268"]
[PlyCount "133"]
[EventDate "2020.12.19"]
[EventType "swiss (blitz)"]
[EventRounds "21"]
[EventCountry "USA"]
[SourceTitle "EXT 2022"]
[Source "ChessBase"]
[SourceDate "2021.10.06"]
[SourceVersion "1"]
[SourceVersionDate "2021.10.06"]
[SourceQuality "1"]

1. b3 c5 2. Bb2 d6 3. e3 Nd7 4. Nf3 Ngf6 5. d4 g6 6. Be2 cxd4 7. Nxd4 Bg7 8. 0-0 0-0 9. c4 a6 10. Nc3 Qc7 11. Bf3 Re8 12. Rc1 Nc5 13. Nd5 Nxd5 14. cxd5 Qd8 15. b4 Nd7 16. a3 Ne5 17. Be2 f5 18. Qb3 Nf7 19. Nf3 Bd7 20. Bxg7 Kxg7 21. Rc4 Rc8 22. Rfc1 Rxc4 23. Qxc4 Kg8 24. Qd4 Qb8 25. h4 Rc8 26. Rd1 Rc7 27. h5 Qc8 28. hxg6 hxg6 29. Nh4 Kh7 30. g4 Rc1 31. gxf5 Rxd1+ 32. Bxd1 gxf5 33. Qf4 Qg8+ 34. Kf1 Qg5 35. Qxg5 Nxg5 36. Nf3 Nxf3 37. Bxf3 Kg6 38. e4 Kf6 39. Ke2 fxe4 40. Bxe4 Ke5 41. f3 Bb5+ 42. Ke3 Bc4 43. f4+ Kf6 44. Kd4 Bb3 45. Bd3 Ba4 46. Be2 Bd7 47. Ke4 Bc8 48. b5 Bf5+ 49. Kd4 a5 50. b6 Bd7 51. Ke4 Bc8 52. Bd3 Bf5+ 53. Kd4 Bxd3 54. Kxd3 Kf5 55. Ke3 e6 56. dxe6 Kxe6 57. Kd4 Kd7 58. Kd5 Ke7 59. a4 Kd7 60. f5 Ke7 61. f6+ Kxf6 62. Kxd6 Kf5 63. Kc7 Ke4 64. Kxb7 Kd5 65. Ka6 Kc5 66. Kxa5 Kc6 67. Ka6 1-0

[Event "ISL-ch Blitz"]
[Site "Tornelo INT"]
[Date "2020.12.12"]
[Round "11"]
[White "Gretarsson, Andri Ass"]
[Black "Gretarsson, Helgi Ass"]
[Result "0-1"]
[WhiteElo "2268"]
[BlackElo "2440"]
[PlyCount "100"]
[EventDate "2020.12.12"]
[EventType "tourn (blitz)"]
[EventRounds "15"]
[EventCountry "ISL"]
[EventCategory "5"]
[SourceTitle "CBM 199 Extra"]
[Source "ChessBase"]
[SourceDate "2021.01.31"]
[SourceVersion "1"]
[SourceVersionDate "2021.01.31"]
[SourceQuality "1"]

1. d4 g6 2. Nf3 Bg7 3. Bf4 d6 4. c3 Nd7 5. Bg3 e5 6. Nbd2 Nh6 7. e4 0-0 8. Bc4 Kh8 9. 0-0 f5 10. dxe5 dxe5 11. Bh4 Qe8 12. Re1 f4 13. h3 Nf7 14. Nh2 Nd6 15. Bb3 Nc5 16. Bc2 g5 17. Bxg5 Rg8 18. Kh1 Qg6 19. Bh4 Bf8 20. Qf3 Qh6 21. Bf6+ Qxf6 22. b4 Ne6 23. Ng4 Qg7 24. Bb3 Ng5 25. Qd3 Bxg4 26. hxg4 Qh6+ 27. Kg1 Rg6 28. f3 Qh4 29. Nf1 h5 30. gxh5 Nh3+ 31. Kh2 Nf2+ 32. Kg1 Rxg2+ 33. Kxg2 Nxd3 34. Re2 Bh6 35. Nh2 Qg3+ 36. Kh1 Nf2+ 37. Rxf2 Qxf2 38. Rg1 c5 39. bxc5 Qxc5 40. Rg6 Kh7 41. Ng4 Bg7 42. Re6 Re8 43. h6 Rxe6 44. Bxe6 Bxh6 45. Nf6+ Kg7 46. Nd7 Qf2 47. Bg4 Bg5 48. Nxe5 Bh4 49. Nd3 Qf1+ 50. Kh2 Bg3# 0-1

[Event "ISL-chT 1314"]
[Site "Reykjavik"]
[Date "2013.10.11"]
[Round "2.3"]
[White "Gretarsson, Andri Ass"]
[Black "Gunnarsson, Jon Viktor"]
[Result "0-1"]
[WhiteElo "2335"]
[BlackElo "2409"]
[PlyCount "114"]
[EventDate "2013.10.10"]
[EventType "team-tourn"]
[EventRounds "9"]
[EventCountry "ISL"]
[SourceTitle "EXT 2014"]
[Source "ChessBase"]
[SourceDate "2013.11.20"]
[SourceVersion "1"]
[SourceVersionDate "2013.11.20"]
[SourceQuality "1"]
[WhiteTeam "Hellir"]
[BlackTeam "Bolungarvik"]
[WhiteTeamCountry "ISL"]
[BlackTeamCountry "ISL"]

1. e4 c5 2. Nf3 Nc6 3. d4 cxd4 4. Nxd4 g6 5. c4 Nf6 6. Nc3 d6 7. Be2 Nxd4 8. Qxd4 Bg7 9. 0-0 0-0 10. Bd2 Ng4 11. Qd3 Ne5 12. Qg3 a6 13. Rac1 Bd7 14. Kh1 b5 15. cxb5 axb5 16. Bxb5 Bxb5 17. Nxb5 Rxa2 18. Bc3 Qb6 19. Nd4 Ra4 20. Rfd1 e6 21. Rc2 Rfa8 22. h3 Ra1 23. Rcc1 Rxc1 24. Rxc1 Rc8 25. Rd1 Nc4 26. b3 Ne5 27. Ba1 Nd7 28. Ne2 Bxa1 29. Rxa1 Nc5 30. Qc3 Qb7 31. Rc1 Rb8 32. f3 e5 33. Rd1 Qa6 34. Qc4 Qb6 35. b4 Ne6 36. b5 Qxb5 37. Qxb5 Rxb5 38. Nc3 Rb3 39. Nd5 Kg7 40. Ra1 h5 41. Ra6 h4 42. Kg1 Rb1+ 43. Kf2 Rb2+ 44. Kf1 Rd2 45. Ra7 Nd4 46. Rd7 Ne2 47. Ke1 Rb2 48. Kf1 Ng3+ 49. Kg1 Rd2 50. Rb7 g5 51. Ne3 Rd3 52. Kf2 Rd2+ 53. Kg1 Ne2+ 54. Kf1 Nf4 55. Rb3 Kf6 56. Rc3 Nh5 57. Rc1 Ng3+ 0-1

[Event "ISL-chT 1213"]
[Site "Reykjavik"]
[Date "2012.10.07"]
[Round "4.3"]
[White "Gretarsson, Andri Ass"]
[Black "Olafsson, Helgi"]
[Result "0-1"]
[WhiteElo "2319"]
[BlackElo "2547"]
[PlyCount "54"]
[EventDate "2012.10.05"]
[EventType "team-tourn"]
[EventRounds "7"]
[EventCountry "ISL"]
[SourceTitle "EXT 2013"]
[Source "ChessBase"]
[SourceDate "2012.11.22"]
[SourceVersion "1"]
[SourceVersionDate "2012.11.22"]
[SourceQuality "1"]
[WhiteTeam "Hellir"]
[BlackTeam "Taflfelag Vestmannaeyja"]
[WhiteTeamCountry "ISL"]
[BlackTeamCountry "ISL"]

1. c4 e5 2. Nc3 Nf6 3. Nf3 Nc6 4. d4 exd4 5. Nxd4 Bb4 6. Nxc6 bxc6 7. Bd2 0-0 8. g3 Rb8 9. Bg2 Ba6 10. b3 d5 11. cxd5 Re8 12. Bf3 cxd5 13. Na4 Bxd2+ 14. Qxd2 Ne4 15. Qa5 Qf6 16. 0-0 Ng5 17. Rfe1 d4 18. Nc5 Bb5 19. Bg2 Qb6 20. Qa3 Rxe2 21. Rxe2 Bxe2 22. Nd7 Qb4 23. Qxa7 Re8 24. Qxc7 d3 25. h4 Qd4 26. Rb1 Nf3+ 27. Bxf3 Bxf3 0-1

[Event "ISL-chT 1213"]
[Site "Reykjavik"]
[Date "2012.10.06"]
[Round "3.2"]
[White "Gajewski, Grzegorz"]
[Black "Gretarsson, Andri Ass"]
[Result "1-0"]
[WhiteElo "2635"]
[BlackElo "2319"]
[PlyCount "75"]
[EventDate "2012.10.05"]
[EventType "team-tourn"]
[EventRounds "7"]
[EventCountry "ISL"]
[SourceTitle "EXT 2013"]
[Source "ChessBase"]
[SourceDate "2012.11.22"]
[SourceVersion "1"]
[SourceVersionDate "2012.11.22"]
[SourceQuality "1"]
[WhiteTeam "Vikingaklubburinn"]
[BlackTeam "Hellir"]
[WhiteTeamCountry "ISL"]
[BlackTeamCountry "ISL"]

1. d4 Nf6 2. c4 g6 3. Nc3 Bg7 4. e4 d6 5. Nf3 0-0 6. Be2 e5 7. 0-0 Nbd7 8. Re1 Re8 9. Bf1 c6 10. d5 Qc7 11. Rb1 a6 12. Be3 cxd5 13. cxd5 b5 14. Nd2 Nb6 15. a4 bxa4 16. Nxa4 Nxa4 17. Qxa4 Bd7 18. Qc4 Qb8 19. f3 Bf8 20. Qa2 Be7 21. Nc4 Bd8 22. b3 Bb5 23. Qf2 Nd7 24. Rec1 Bc7 25. Rc3 Bxc4 26. Rxc4 Qb7 27. Rbc1 Bb8 28. b4 Rd8 29. R1c2 Ba7 30. Bxa7 Rxa7 31. Rc6 Nb8 32. Rb6 Qe7 33. g3 Rc7 34. Ra2 Rc1 35. Kg2 f5 36. exf5 gxf5 37. Qd2 Rdc8 38. Rxb8 1-0

[Event "ISL-chT 1213"]
[Site "Reykjavik"]
[Date "2012.10.05"]
[Round "1.1"]
[White "Gretarsson, Andri Ass"]
[Black "Asbjornsson, Asgeir"]
[Result "1-0"]
[WhiteElo "2319"]
[BlackElo "2304"]
[PlyCount "57"]
[EventDate "2012.10.05"]
[EventType "team-tourn"]
[EventRounds "7"]
[EventCountry "ISL"]
[SourceTitle "EXT 2013"]
[Source "ChessBase"]
[SourceDate "2012.11.22"]
[SourceVersion "1"]
[SourceVersionDate "2012.11.22"]
[SourceQuality "1"]
[WhiteTeam "Hellir"]
[BlackTeam "Godinn Matar"]
[WhiteTeamCountry "ISL"]
[BlackTeamCountry "ISL"]

1. e4 Nf6 2. e5 Nd5 3. d4 d6 4. Nf3 Bg4 5. h3 Bh5 6. Be2 e6 7. 0-0 Be7 8. c4 Nb6 9. Be3 0-0 10. Nc3 dxe5 11. Nxe5 Bxe2 12. Qxe2 N8d7 13. Rad1 Nxe5 14. dxe5 Qe8 15. c5 Na4 16. Nb5 Qc6 17. Rc1 a6 18. Nd4 Qd5 19. Rfd1 Qxe5 20. Qc2 Bxc5 21. Qxa4 Bd6 22. g3 Qh5 23. Kg2 Rad8 24. Qb3 e5 25. g4 Qg6 26. Nf5 Rfe8 27. Qxb7 e4 28. Rxd6 cxd6 29. Ne7+ 1-0

[Event "ISL-chT 0405"]
[Site "Reykjavik"]
[Date "2004.11.21"]
[Round "4"]
[White "Hjartarson, Johann"]
[Black "Gretarsson, Andri Ass"]
[Result "1-0"]
[WhiteElo "2628"]
[BlackElo "2335"]
[PlyCount "75"]
[EventDate "2004.11.19"]
[EventType "team"]
[EventRounds "7"]
[EventCountry "ISL"]
[SourceTitle "EXT 2006"]
[Source "ChessBase"]
[SourceDate "2005.11.24"]
[SourceVersion "1"]
[SourceVersionDate "2005.11.24"]
[SourceQuality "1"]

1. d4 Nf6 2. c4 g6 3. Nc3 Bg7 4. e4 0-0 5. Nf3 d6 6. Be2 e5 7. 0-0 Nbd7 8. Be3 Re8 9. d5 Nc5 10. Nd2 a5 11. a3 c6 12. b4 Ncd7 13. Nb3 axb4 14. axb4 Rxa1 15. Qxa1 Bf8 16. Rd1 Qc7 17. f3 Nh5 18. Qa7 Qb8 19. Ra1 Nf4 20. Bf1 Qxa7 21. Rxa7 c5 22. bxc5 dxc5 23. g3 Nh5 24. Bh3 Nhf6 25. Na4 b6 26. Bg5 h6 27. Bxf6 Nxf6 28. Bxc8 Rxc8 29. Nxb6 Rb8 30. Ra6 Ne8 31. Na5 Nc7 32. Ra7 Bd6 33. Nb7 Ne8 34. Nd7 Rc8 35. Nxd6 Nxd6 36. Nxe5 Re8 37. Rd7 Nxe4 38. Ng4 1-0